000 00560nam a2200229Ia 4500
003 OSt
005 20221005114235.0
006 a|||||r|||| 00| 0
007 ta
008 221004b |||||||| |||| 00| 0 kan d
024 _a60783
037 _cTextual
040 _aCRL
_cCRL
_bkan
041 _2kan
_akan
082 _aO33,3NTR,2, 35K7
100 _aTriveni Au.
_9223933
245 0 _aApajayam
260 _c1967
650 _aKANNAD FICTION
942 _hO33,3NTR,2, 35K7
_cTEXL
_2cc
999 _c1030734
_d1030734